00454nam a2200169Ia 450000500170000000800410001702000290005804000190008704100120010608200160011810000240013424500540015826000240021230000170023665000210025385000100027420240919093145.0131103s9999 xx 000 0 und d a81 7028 196 2cRs.200.00 aLoreto College aEnglish a891.43bSHI aSharma, Vishwamitra aAntat - Rashtriya vyakti koshcVishwamitra Sharma aDelhibRajpalc1998 a383p.b ill. aHindi literature aLCBED